Top 10 Potato-Producing Countries - Statistics

General Stats
  • This quiz has been taken 1,445 times
  • The average score is 8 of 10
Answer Stats
Tonnes Country % Correct
18,789,970 United States
99%
78,183,874 China
97%
19,607,361 Russia
93%
51,300,000 India
89%
11,715,100 Germany
86%
8,691,900 France
85%
20,837,990 Ukraine
76%
7,848,600 Poland
74%
7,020,060 Netherlands
36%
9,606,000 Bangladesh
21%
No matching quizzes found
Score Distribution
Percent of People with Each Score
Percentile by Number Answered
Your Score History
You have not taken this quiz